000 00572nam a2200193Ia 4500
001 22789
003 GE_BSU
008 181216s||||||||xx |||||||||||||| ||und||
040 _cGE_BSU
245 _aИнновации в образовании, №5 Май 2018.
245 _cГл.ред.И.В. Сыромятников
260 _aМосква
260 _c2018
300 _a176 стр. 24см.
653 _aИнновации в образовании, №5 Май 2018.
653 _aПериодика
653 _aპერიოდიკა
942 _cCR
999 _c55694
_d55694